• 首页
  • 本馆介绍
  • 公告通知
  • 最新文献
  • 馆藏检索
  • 电子资源
  • 读者导购
  • 参考咨询
  • 我的图书馆
  • 登录
  • 详细信息显示
  • 放入我的书架
  • 预约/预借图书
  • 作者相关作品
  • 分类相关作品
  • 丛书相关作品
  • 出版社相关作品

书目信息

  • 表格格式
  • 工作单格式
  • 卡片格式
题名:
高级英语
    
 
作者: 李玉鹏 编著
分册: 上  
出版信息: 北京   中华工商联合出版社  2000.09
页数: 514
开本: 24cm
丛书名:
单 册:
中图分类: H002
科图分类:
主题词: 语言学
电子资源:
ISBN: 978-7-80100-673-8
000 00553nam0 2200181 450
001 202410301468825543
005 20241030163052.67
010    @a978-7-80100-673-8@d¥336.00
100    @a20241030d km y0chiy0120 ea
101 0  @achi
200 1  @a高级英语@AGao Ji Ying Yu@h上@f李玉鹏编著@FLi Yu Peng Bian Zhu
210    @a北京@c中华工商联合出版社@d2000.09
215    @a514@d24cm
606 0  @a语言学
690    @aH002@v4
701  0 @a李玉鹏@ALi Yu Peng@4编著
801  0 @aCN@b大连网信软件有限公司图书馆·11@c20241030
905    @aZUCC@b1428484@dH002@e386:1@f1
    
    高级英语.上/李玉鹏编著.-北京:中华工商联合出版社,2000.09
    514;24cm
    
    
    ISBN 978-7-80100-673-8:¥336.00
    
●
相关链接 在E读中查询图书 在五车中查询图书 在当当中查询图书 在豆瓣中查询图书


正题名:高级英语     索取号:H002/386:1         预约/预借

序号 登录号 条形码 馆藏地/架位号 状态 备注
1 1428484   214284843   密集书库—外国语学院/ [索取号:H002/386:1] 在馆    
唐山师范学院图书馆 欢迎您!
大连网信软件有限公司© 版权所有